Guess the Movie - Minimalistic Pictures #14 - Statistics

General Stats
  • This quiz has been taken 54 times
  • The average score is 8 of 20
Answer Stats
Picture Hint Answer % Correct
2013 Frozen
89%
1964 Mary Poppins
87%
1990 Edward Scissorhands
78%
2016 La La Land
74%
1959 Sleeping Beauty
63%
1993 Free Willy
61%
2010 Shutter Island
46%
2013 Gravity
43%
2005 War of the Worlds
43%
2016 Moonlight
41%
2001 Donnie Darko
39%
2005 Coach Carter
28%
2017 Get Out
22%
2013 Captain Phillips
20%
1997 Austin Powers Series
15%
2016 War Dogs
15%
1997 Good Will Hunting
13%
2011 Hugo
13%
2013 Elysium
4%
2007 The Bourne Ultimatum
4%
No matching quizzes found
Score Distribution
Percent of People with Each Score
Percentile by Number Answered
Your Score History
You have not taken this quiz